000 00453nam a2200193Ia 4500
005 20240516105341.0
008 131103s9999 xx 000 0 und d
010 _a0-7069-6754-2
040 _aLoreto College
041 _aEnglish
082 _a428
_bVER
100 _aVerne, Jules
245 _aRound the moon
_cJules Verne
260 _aNew Delhi
_bVikas
_c1993
300 _a100p
650 _aEnglish reader
850 _aLCBED
942 _cBK
999 _c30378
_d80857